Stations du Tramway de Montpellier - Mort Subite - Statistiques

Statistiques générales
  • Ce quiz a été pris 404 fois
  • Le résultat moyen est 11 sur 25
Answers on the Grid
Answers color-coded by a green-red scale on the quiz's grid according to % correct below.
Mosson
Odysseum
Voltaire
Jacou
Pergola
Aiguelongue
Corum
Comédie
Occitanie
Garcia Lorca
Rondelet
Cougourlude
Saint-Denis
La Condamine
Euromédecine
Mas Drevon
Millénaire
Mondial 98
Agropolis
Estanove
Astruc
Les Arceaux
Nouveau Saint-Roch
Saint-Éloi
Saint-Lazare
Monte Carlo
Saint-Malo
Saint-Julien
Stade MHSC
Canal du Midi
Figuerolles
Près d'Arènes
Zerator
Ophélie
Jardin des Plantes
Saint-Gély
985
Verdanson
Napoléon
Librilla
Jacques Ier d'Aragon
Méditerranée
La Languedocienne
Cette
Barcelone - République
Vignerons
François Delmas
Louisville
Grand-Combe
Midi Libre
 
Statistiques - réponses
Réponse % Correct
Odysseum
59%
Corum
55%
Comédie
54%
Mondial 98
52%
Euromédecine
51%
Mosson
51%
Saint-Éloi
51%
Occitanie
50%
Rondelet
49%
Jacou
48%
Aiguelongue
47%
Garcia Lorca
47%
Nouveau Saint-Roch
47%
Les Arceaux
44%
Millénaire
42%
Astruc
41%
Mas Drevon
39%
Voltaire
38%
Pergola
37%
Saint-Denis
35%
Cougourlude
29%
Agropolis
26%
Estanove
24%
La Condamine
24%
Saint-Lazare
24%
Aucun quiz correspondant
Distribution des résultats
% des personnes avec chaque résultat
Percentile par nombre de réponses
Votre historique - résultats
Vous n’avez pas pris ce quiz